000 00763nam a2200241Ia 4500
003 OSt
005 20220923222111.0
006 a|||||r|||| 00| 0
007 ta
008 220922b |||||||| |||| 00| 0 hin d
024 _a203,043
037 _cTextual
040 _aARTS
_cARTS
_bhin
041 _2hin
_ahin
082 _aO157,1M99w, 152L6
100 _aशर्मा, विषुचंद्
245 0 _aअग्निसेतु
246 _aAgnisetu
260 _aदिल्ली
_b प्रंसागिक प्रका0
_c1976
650 _aबंगाली साहित्य
_9156264
942 _hO157,1M99w, 152L6
_cTEXL
_2CC
999 _c353824
_d353824